logo

Bir Sreshtho Munshi Abdur Rouf Library
Jhenaidah Cadet College

টু হ্যাভ অ্যান্ড হ্যাভ নট / (Record no. 13576)

MARC details
000 -LEADER
fixed length control field 00883nam a2200253 a 4500
001 - CONTROL NUMBER
JCCL Control Number 13576
003 - CONTROL NUMBER IDENTIFIER
JCCL marc code BD-JhCC
005 - DATE AND TIME OF LATEST TRANSACTION
control field 20240301095718.0
008 - FIXED-LENGTH DATA ELEMENTS--GENERAL INFORMATION
fixed length control field 240229b2016 bg |||| ||a 000 0 ben d
020 ## - INTERNATIONAL STANDARD BOOK NUMBER
International Standard Book Number 9789849224693
035 ## - SYSTEM CONTROL NUMBER
system control number (BD-JhCC)13576
040 ## - CATALOGING SOURCE
Original cataloging agency BD-JhCC
Modifying agency BD-JhCC
041 ## - LANGUAGE CODE
Language code of Book Bengali
082 ## - DEWEY DECIMAL CLASSIFICATION NUMBER
Classification number 823.914
Author mark and Year HEM 2016
100 ## - MAIN ENTRY--PERSONAL NAME
Personal name হেমিংওয়ে, আর্নেস্ট
245 ## - TITLE STATEMENT
Title টু হ্যাভ অ্যান্ড হ্যাভ নট /
Statement of responsibility, etc আর্নেস্ট হেমিংওয়ে, অনু: প্রমিত হোসেন ।
260 ## - PUBLICATION, DISTRIBUTION, ETC. (IMPRINT)
Place of publication, distribution, etc ঢাকা:
Name of publisher, distributor, etc কাকলী প্রকাশনী;
Date of publication, distribution, etc 2016.
300 ## - PHYSICAL DESCRIPTION
Pagination 188 p. :
Dimensions 22 cm
600 ## - SUBJECT ADDED ENTRY--PERSONAL NAME
Personal name 1899-1961 To have and have not
650 ## - SUBJECT ADDED ENTRY--TOPICAL TERM
Topical term or geographic name as entry element Hemingway, Ernest,
700 ## - ADDED ENTRY--PERSONAL NAME
Personal name হোসেন,প্রমিত
942 ## - ADDED ENTRY ELEMENTS (KOHA)
Source of classification or shelving scheme Dewey Decimal Classification
Koha item type Books
Holdings
Source of classification or shelving scheme Damaged status Not for loan Home library Current library Shelving location Date of accession Cost, normal purchase price Total Checkouts Full call number Barcode Date last seen Copy number Method of acquisition Koha item type Currency Date checked out
Dewey Decimal Classification     JCC Rouf Library JCC Rouf Library General Stacks   200.00   823.914 HEM 2016 18785 03/01/2024 C-1 Purchase Books BDT  
Dewey Decimal Classification     JCC Rouf Library JCC Rouf Library General Stacks   200.00 1 823.914 HEM 2016 18786 09/02/2024 C-2 Purchase Books BDT 09/01/2024

JCC Library | Contacts | JCC Home

Last Update on 23 September 2017
Copyright @ 2017-2020 JCC Rouf Library
Rouf Library, Jhenidah Cadet College (JCC), Bangladesh